General view of the agriculture of the county of Kent (Record no. 113612)
[ view plain ]
| 000 -LEADER | |
|---|---|
| fixed length control field | 00903cam a22002055a 4500 |
| 001 - CONTROL NUMBER | |
| control field | L155500 |
| 008 - FIXED-LENGTH DATA ELEMENTS--GENERAL INFORMATION | |
| fixed length control field | 120327s1813 xxk f 000 0 eng d |
| 035 ## - SYSTEM CONTROL NUMBER | |
| System control number | (Sirsi) u155500 |
| 041 0# - LANGUAGE CODE | |
| Language code of text/sound track or separate title | eng |
| 100 1# - MAIN ENTRY--PERSONAL NAME | |
| Personal name | Boys, John |
| Dates associated with a name | 1749-1824 |
| 245 00 - TITLE STATEMENT | |
| Title | General view of the agriculture of the county of Kent |
| Remainder of title | with observations on the means of its improvement drawn up for the consideration of the Board of Agriculture and Internal Improvement, from the original report transmitted to the Board ... to which is added, a treatise on paring and burning |
| 250 ## - EDITION STATEMENT | |
| Edition statement | 2nd ed., with amendments and additions |
| 260 ## - PUBLICATION, DISTRIBUTION, ETC. | |
| Place of publication, distribution, etc. | London |
| Name of publisher, distributor, etc. | Printed for Sherwood, Neely, and Jones |
| Date of publication, distribution, etc. | 1813 |
| 300 ## - PHYSICAL DESCRIPTION | |
| Extent | xiii, 293 p., [2] leaves of plates |
| Other physical details | ill.,, map |
| Dimensions | 23 cm |
| 583 ## - ACTION NOTE | |
| Action | Condition reviewed |
| Time/date of action | 20120620 |
| Status | condition level 1 |
| 651 #4 - SUBJECT ADDED ENTRY--GEOGRAPHIC NAME | |
| Geographic name | England |
| Chronological subdivision | 886- |
| 690 ## - LOCAL SUBJECT ADDED ENTRY--TOPICAL TERM (OCLC, RLIN) | |
| Topical term or geographic name as entry element | Rural |
| 9 (RLIN) | 6268 |
| 710 1# - ADDED ENTRY--CORPORATE NAME | |
| Corporate name or jurisdiction name as entry element | Board of Agriculture |
| 942 ## - ADDED ENTRY ELEMENTS (KOHA) | |
| Suppress in OPAC | 0 |
| Withdrawn status | Lost status | Source of classification or shelving scheme | Damaged status | Not for loan | Home library | Current library | Shelving location | Date acquired | Total Checkouts | Full call number | Barcode | Date last seen | Copy number | Price effective from | Koha item type |
|---|---|---|---|---|---|---|---|---|---|---|---|---|---|---|---|
| Dewey Decimal Classification | Historic collection | Historic collection | Historic collection | 27/03/2012 | OCTAVO 1813 BOYS | 30075365 | 06/08/2019 | 1 | 06/08/2019 | Book |